Quyền tài phán trong các điều ước đa phương về chống khủng bố và vấn đề nội luật hóa trong pháp luật hình sự Việt Nam /

Wedi'i Gadw mewn:
Manylion Llyfryddiaeth
Prif Awdur: Nguyễn Quyết Thắng.
Fformat: Erthygl
Iaith:Vietnamese
Pynciau:
Tagiau: Ychwanegu Tag
Dim Tagiau, Byddwch y cyntaf i dagio'r cofnod hwn!
Thư viện lưu trữ: Thư viện Trường Đại học Đà Lạt
LEADER 00943nam a2200277 4500
001 DLU180189110
005 ##20181219
040 # # |a DLU  |b vie 
041 # # |a vie 
044 # # |a vn 
100 # # |a Nguyễn Quyết Thắng. 
245 # # |a Quyền tài phán trong các điều ước đa phương về chống khủng bố và vấn đề nội luật hóa trong pháp luật hình sự Việt Nam /  |c Nguyễn Quyết Thắng. 
653 # # |a Điều ước đa phương 
653 # # |a Bộ luật Hình sự năm 2015 
653 # # |a Chống khủng bố  
653 # # |a Quyền tài phán 
773 # # |t Nhà nước và pháp luật  |g Số 2(334), 2016, tr. 36-42 
920 # # |a Phòng Tạp chí -- Trung tâm Thông tin - Thư viện Trường Đại học Đà Lạt 
994 # # |a DLU 
900 # # |a True 
911 # # |a Hoàng Thị Huyền 
925 # # |a G 
926 # # |a A 
927 # # |a BB 
980 # # |a Thư viện Trường Đại học Đà Lạt